[Event "GER-ch U18 Girls"]
[White "Triantafillidis, Zoe"]
[Black "Siegl, Melina"]
[Site "Magdeburg"]
[Round "1"]
[Result "0-1"]
[Date "2014.06.08"]
[WhiteElo "1490"]
[BlackElo "1848"]
[PlyCount "52"]
[EventDate "2014.06.08"]
[EventType "swiss"]
[EventRounds "9"]
[EventCountry "GER"]
[SourceTitle "CBM 160 Extra"]
[Source "ChessBase"]
[SourceDate "2014.07.01"]
[SourceVersion "1"]
[SourceVersionDate "2014.07.01"]
[SourceQuality "1"]

1. e4 e6 2. d4 d5 3. Nc3 h6 4. Bd3 Nc6 5. Nf3 Nb4 6. 0-0 Nxd3 7. Qxd3 Nf6 8. Re1 Be7 9. exd5 exd5 10. Qe2 c6 11. Ne5 Be6 12. Be3 0-0 13. f3 Bd6 14. Nd1 Qc7 15. f4 Ne4 16. Nf2 Bf5 17. g3 f6 18. Ned3 Qf7 19. c3 Rfe8 20. Qf3 Re7 21. Qg2 Rae8 22. Nxe4 Bxe4 23. Qd2 Qh5 24. Qd1 Bf3 25. Qd2 Qh3 26. Nf2 Qg2# 0-1

[Event "Wiesbaden op 25th"]
[White "Lukas, Sebastian"]
[Black "Triantafillidis, Zoe"]
[Site "Wiesbaden"]
[Round "6"]
[Result "1-0"]
[Date "2013.08.25"]
[WhiteElo "1884"]
[BlackElo "1721"]
[PlyCount "53"]
[EventDate "2013.08.22"]
[EventType "swiss"]
[EventRounds "7"]
[EventCountry "GER"]
[SourceTitle "CBM 156 Extra"]
[Source "ChessBase"]
[SourceDate "2013.10.22"]
[SourceVersion "1"]
[SourceVersionDate "2013.10.22"]
[SourceQuality "1"]

1. e4 c6 2. d4 d5 3. exd5 cxd5 4. Bd3 Nc6 5. c3 Nf6 6. Bf4 e6 7. Nd2 Bd6 8. Bxd6 Qxd6 9. Ngf3 0-0 10. 0-0 Re8 11. Re1 h6 12. Ne5 Nd7 13. Nxd7 Bxd7 14. Nf3 Rac8 15. Bc2 Qe7 16. Qd3 Qf6 17. Re3 g6 18. b4 a5 19. bxa5 Nxa5 20. Ne5 Qe7 21. Rg3 f5 22. Rxg6+ Kh7 23. Qh3 Kh8 24. Rxh6+ Kg8 25. Rh8+ Kg7 26. Qh7+ Kf6 27. Qg6# 1-0

[Event "GER-chT U14 Girls"]
[White "Triantafillidis, Zoe"]
[Black "Gadschisade, Natawan"]
[Site "Gross Doelln"]
[Round "3.2"]
[Result "1-0"]
[Date "2010.12.28"]
[WhiteElo "1278"]
[BlackElo "1179"]
[PlyCount "71"]
[EventDate "2010.12.27"]
[EventType "team-swiss"]
[EventRounds "7"]
[EventCountry "GER"]
[SourceTitle "CBM 140 Extra"]
[Source "ChessBase"]
[SourceDate "2011.03.01"]
[SourceVersion "1"]
[SourceVersionDate "2011.03.01"]
[SourceQuality "1"]
[WhiteTeam "Heilbronn Biberach"]
[BlackTeam "Koeln Porz"]
[WhiteTeamCountry "GER"]
[BlackTeamCountry "GER"]

1. e4 e5 2. Nf3 Nc6 3. Nc3 Nf6 4. d4 exd4 5. Nxd4 Nxd4 6. Qxd4 d6 7. Bf4 Be6 8. 0-0-0 Be7 9. Bc4 Qd7 10. f3 Bxc4 11. Qxc4 0-0-0 12. Qxf7 Rhg8 13. Qc4 g5 14. Bg3 Nh5 15. e5 Rg6 16. exd6 Bxd6 17. Bxd6 Rxd6 18. Rxd6 Qxd6 19. Qg4+ Kb8 20. Qxh5 Qe7 21. f4 gxf4 22. Qe2 Qg5 23. Qf3 a6 24. Rd1 Re8 25. b3 Re3 26. Rd5 Qh4 27. g3 Qxh2 28. Rd8+ Ka7 29. Qxf4 Rxg3 30. Qd4+ b6 31. Rd7 Rg1+ 32. Kb2 h5 33. Nd5 Kb8 34. Qh8+ Kb7 35. Qf6 Kc8 36. Rxc7+ 1-0